MIKROBIOLOGICKÉ OVĚŘENÍ ÚČINNOSTI STŘIBRNÉ SOLI SULFATHIAZOLU

Bibliographic Details
Main Author: Trupl, Jan, 1943- (Author)
Format: Article
Language:Czech

MARC

LEADER 00000nab a2200000uu 4500
001 vtls011453720
003 SK-MaSNL
005 20260303215530.0
008 230121|1975 xo |||||||||||||||||cze|
015 |a SNBRB 
035 |a (urnnbn)urn:nbn:sk:snk:ar-0080zb 
035 |a (uuid)301f4189-4af1-44ca-96eb-9a6058595e01 
035 |a urn:nbn:sk:snk-abcp5r 
040 |a SNKBUCL  |b slo  |c SNKBUCL  |e AACR2 
041 0 |a cze 
044 |a xo  |c SK 
100 1 |a Trupl, Jan,  |d 1943-  |4 aut  |9 242388 
245 1 0 |a MIKROBIOLOGICKÉ OVĚŘENÍ ÚČINNOSTI STŘIBRNÉ SOLI SULFATHIAZOLU  |c J. Trupl 
773 0 |t Farmaceutický obzor : odborný časopis Ministerstva zdravotníctva Slovenskej republiky a Slovenskej zdravotníckej univerzity v Bratislave  |g Roč. 44, č. 11 (1975), s. 493-496 
954 |a odborná, vedecká literatúra cudzojazyčná (svetová)  |2 lita 
958 |a OND 
958 |a EUIPO 
958 |a article16 
999 |c 2222039  |d 2223969